[Event "SVK-ch U08 Girls"]
[Site "Dudince"]
[Date "2023.04.23"]
[Round "9"]
[White "Janovickova, Ema"]
[Black "Veselska, Katarina"]
[Result "0-1"]
[WhiteElo "1000"]
[BlackElo "1000"]
[PlyCount "52"]
[EventDate "2023.04.16"]
[EventType "swiss"]
[EventRounds "9"]
[EventCountry "SVK"]
[SourceTitle "CBM 213 Extra"]
[Source "ChessBase"]
[SourceDate "2023.05.31"]
[SourceVersion "1"]
[SourceVersionDate "2023.05.31"]
[SourceQuality "1"]

1. e4 e5 2. Nf3 Nc6 3. Nc3 Bc5 4. d3 Nf6 5. Ng5 0-0 6. Be3 Bxe3 7. fxe3 d6 8. Nf3 Qd7 9. d4 Qg4 10. h3 Qg3+ 11. Kd2 Qf2+ 12. Qe2 Qg3 13. Rd1 Bd7 14. Kc1 b5 15. Nxb5 Nxe4 16. Nxc7 Rac8 17. Nb5 Rc7 18. Nxc7 Nf2 19. Rd2 Nxh1 20. Kb1 Qg6 21. Nh4 Qf6 22. Qe1 Qh6 23. Bb5 exd4 24. exd4 Ng3 25. Qxg3 Qxd2 26. Bxc6 Qd1# 0-1

[Event "SVK-ch U08 Girls"]
[Site "Dudince"]
[Date "2023.04.17"]
[Round "2"]
[White "Janovickova, Ema"]
[Black "Mrmusova, Marketa"]
[Result "0-1"]
[WhiteElo "1000"]
[BlackElo "1033"]
[PlyCount "32"]
[EventDate "2023.04.16"]
[EventType "swiss"]
[EventRounds "9"]
[EventCountry "SVK"]
[SourceTitle "CBM 213 Extra"]
[Source "ChessBase"]
[SourceDate "2023.05.31"]
[SourceVersion "1"]
[SourceVersionDate "2023.05.31"]
[SourceQuality "1"]

1. e4 e5 2. Nf3 Nc6 3. Bc4 Bc5 4. d3 h6 5. h4 d6 6. Ng5 hxg5 7. Bxg5 Nf6 8. Nc3 Qe7 9. 0-0 Be6 10. a3 0-0-0 11. b4 Bd4 12. Bd2 Rxh4 13. g3 Rg4 14. Bxe6+ Qxe6 15. Ra2 Rxg3+ 16. Kh2 Qh3# 0-1